00425nam a22001457a 4500008004100000020001800041040005500059080001900114245003700133260004200170300001100212650000900223653001600232700003100248230628b |||||||| |||| 00| 0 eng d a0-7230-0217-7 aNational Science LibrarycNational Science Library aR 912(100)bL8 aTime concise atlas of the world  aLondon: bTimes Books Limited, c1972 a148p.  aMap  aGeography  aBartholomew, John C (Ed.)